000 00607nam a22002057a 4500
008 240606b mp ||||| |||| 00| 0 mon d
035 _a18965
040 _aBU0183120
_bmon
_cMN-UlNLM
_dMN-UlNLM
_erda
041 _amon
084 _2NNA
_a28.69(0)
_bК 921
100 _aКуппэр Х.
245 0 _aХовордсон ан амьтан
264 _aУлаанбаатар
_bМонсудар хэвлэлийн газар
_c2005
300 _a20 х.
336 _2rdacontent
_atext
_btxt
337 _2rdamedia
_aunmediated
_bn
338 _2rdacarrier
_avolume
_bnc
490 _v0
942 _2NNA
_cBK
999 _c818262
_d818319